<Les> caisses d'épargne

Salvato in:
Dettagli Bibliografici
Autore principale: Duet, Daniel
Natura: Libro
Lingua:francese
Pubblicazione: Paris Presses Universitaires de France 2000
Edizione:6e. éd.
Serie:Que sais - je ? 2582
Soggetti:
Tags: Aggiungi Tag
Nessun Tag, puoi essere il primo ad aggiungerne!!

MARC

LEADER 00000nam$a2200000$$$4500
001 0116021
005 20240111125224.7
020 |a 2-13-050827-8 
041 0 |a fre 
044 |a FR 
245 1 0 |a <Les> caisses d'épargne  |c Daniel Duet 
250 |a 6e. éd. 
264 1 |a Paris  |b Presses Universitaires de France  |c 2000 
300 |a 127 s. 
490 1 |a Que sais - je ?  |v 2582 
830 0 |a Que sais - je ?  |v 2582 
610 2 0 |a úspory 
610 2 0 |a sporenie obyvateľstva 
100 1 |a Duet, Daniel